• 首页
  • 本馆介绍
  • 公告通知
  • 最新文献
  • 馆藏检索
  • 电子资源
  • 读者导购
  • 参考咨询
  • 我的图书馆
  • 登录
  • 详细信息显示
  • 放入我的书架
  • 预约/预借图书
  • 作者相关作品
  • 分类相关作品
  • 丛书相关作品
  • 出版社相关作品

书目信息

  • 表格格式
  • 工作单格式
  • 卡片格式
题名:
儿童逆反心理学
    
 
作者: 蔡万刚 编著
分册:  
出版信息: 北京   中国纺织出版社  2019
页数: 214页
开本: 24cm
丛书名:
单 册:
中图分类: B844.1 , G78
科图分类:
主题词: 儿童心理学--er tong xin li xue , 家庭教育--jia ting jiao yu--儿童教育--教育心理学
电子资源:
ISBN: 978-7-5180-6008-5
000 01053nam0 2200265 450
001 012001003592
005 20131013160529.0
010    @a978-7-5180-6008-5@dCNY39.80
099    @aCAL 012019086951
100    @a20190705d2019 em y0chiy50 ea
101 0  @achi
102    @aCN@b110000
105    @ay z 000yy
106    @ar
200 1  @a儿童逆反心理学@Aer tong ni fan xin li xue@f蔡万刚编著
210    @a北京@c中国纺织出版社@d2019
215    @a214页@d24cm
330    @a逆反的儿童最令家长们头疼,但是家长们应该明白孩子的本性并没有变坏,他们只是处在逆反期而已。因此,面对逆反期的儿童,家长不能采用强制的方法压制孩子的天性,而应该懂一些儿童逆反心理学知识。本书全面地为家长们讲解了各种儿童逆反心理学知识,并通过案例的讲解使这些知识更加通俗易懂,从而帮助家长们更好地引导逆反的儿童。
606 0  @a儿童心理学@Aer tong xin li xue
606 0  @a家庭教育@Ajia ting jiao yu@x儿童教育@x教育心理学
690    @aB844.1@v5
690    @aG78@v5
701  0 @a蔡万刚@ACai WanGang@4编著
801    @b江苏凤凰@c20191020
905    @b1233349-54@dB844.1@e3309@f6
    
    儿童逆反心理学/蔡万刚编著.-北京:中国纺织出版社,2019
    214页;24cm
    
    
    ISBN 978-7-5180-6008-5:CNY39.80
    逆反的儿童最令家长们头疼,但是家长们应该明白孩子的本性并没有变坏,他们只是处在逆反期而已。因此,面对逆反期的儿童,家长不能采用强制的方法压制孩子的天性,而应该懂一些儿童逆反心理学知识。本书全面地为家长们讲解了各种儿童逆反心理学知识,并通过案例的讲解使这些知识更加通俗易懂,从而帮助家长们更好地引导逆反的儿童。
●
相关链接 在E读中查询图书 在五车中查询图书 在当当中查询图书 在豆瓣中查询图书


正题名:儿童逆反心理学     索取号:B844.1/3309         预约/预借

序号 登录号 条形码 馆藏地/架位号 状态 备注
1 1233349   212333492   第一样本阅览室/ [索取号:B844.1/3309] 在馆    
2 1233350   212333508   第一借阅区/ [索取号:B844.1/3309] 在馆    
3 1233351   212333517   第一借阅区/ [索取号:B844.1/3309] 在馆    
4 1233352   212333526   教育系资料室/ [索取号:B844.1/3309] 在馆    
5 1233353   212333535   教育系资料室/ [索取号:B844.1/3309] 在馆    
6 1233354   212333544   教育系资料室/ [索取号:B844.1/3309] 在馆    
唐山师范学院图书馆 欢迎您!
大连网信软件有限公司© 版权所有